1123 1773 1613 1800 1504 1838 1608 1919 1225 1182 1091 1275 1481 1604 1895 1581 1986 1493 1534 1568 1835 1188 1058 1198 1567 1421 1508 1880 1633 1094 1270 1545 1028 1853 1330 1600 1826 1608 1895 1168 1187 1119 1285 1685 1482 1446 1454 1006 1029 1045 1280 1525 1433 1990 1940 1789 1747 1822 1907 1950 1287 1140 1387 1224 1006 1776 1916 1392 1434 1676 1540 1500 1373 1317 1830 1668 1663 1858 1955 1466 1352 1248 1542 1616 1023 1349 1757 1850 1170 1409 1434 1116 1886 1147 1056 1802 1855 1677 1692 BCNSPRNW ULIB Ver.6.0+V

เปลี่ยนเป็นภาษาไทย

Change to English
 แสดงรายละเอียดบรรณานุกรม
  กลับหน้าหลัก

Brief Record : Get Marc (ISO 2709) : E-mail record : QR code < ปิดหน้าต่าง
LEADER : 00000nam 2200000uu 4500
001    13399125376
003     ULIB
008    170515s2559||||th 000 0 tha d
020    ^a9786167902593
060 04 ^aWN180^bศ726ก
100 0  ^aศุภวิทู สุขเพ็ง
245 10 ^aการวัดปริมาณรังสีเอกซ์จากการตรวจวินิจฉัยและแนวทางการใช้รังสีอย่างเหมาะสม /^cศุภวิทู สุขเพ็ง
250    ^aพิมพ์ครั้งที่ 1 ( ราคา 285 บาท )
260    ^aพิษณุโลก :^bมหาวิทยาลัยนเรศวร,^c2559
300    ^a198 หน้า :^bภาพประกอบ ; ตาราง ;^c26.5 ซม.
505 0  ^aบทที่ 1 พื้นฐานทางฟิสิกส์ของรังสีเอกซ์
505 0  ^aบทที่ 2 รังสีชีววิทยาพื้นฐาน
505 0  ^aบทที่ 3 อันตรกิริยาระหว่างโฟตอนกับตัวกลาง
505 0  ^aบทที่ 4 พื้นฐานของหน่วยและปริมาณทางรังสี
505 0  ^aบทที่ 5 เครื่องมือวัดปริมาณรังสีเอกซ์จากการตรวจวินิจฉัย
505 0  ^aบทที่ 6 การวัดปริมาณรังสีจากการถ่ายภาพเอกซเรย์
505 0  ^aบทที่ 7 การวัดปริมาณรังสีจากการตรวจวินิจฉัยด้วยเครื่องเอกซเรย์คอมพิวเตอร์
505 0  ^aบทที่ 8 การประเมินความเสี่ยงจากการได้รับรังสีและหลักเกณฑ์การป้องกันรังสี
505 0  ^aบทที่ 9 การใช้ปริมาณรังสีอย่างเหมาะสมสำหรับการตรวจวินิจฉัย
650  7 ^aรังสีวินิจฉัย
650  7 ^aรังสีเอกซ์
945    ^p0^l0^i002128
945    ^p0^l0^i002129
945    ^p0^l0^i002130
945    ^p0^l0^i002131
945    ^p0^l0^i002132
999    ^aวรรณษา ชูชัยมงคล
รายการนี้ยังไม่มีแท็ก
คุณยังไม่ได้ล็อกอิน คุณสามารถมีกิจกรรมร่วมกับเว็บไซต์ได้ แต่ต้องล็อกอินก่อน ::
  ล็อกอิน

รายการสื่อสารสนเทศ

ลำดับที่ ประเภท เลขเรียก/บาร์โค้ด สถานที่ สถานะ
1. วิทยาศาสตร์การแพทย์ และสุขภาพ
วิทยาศาสตร์การแพทย์ และสุขภาพ
สถานะ=หนังสือเก่า
WN180 ศ726ก ฉ.1 
  Barcode: 002128
ห้องสมุดวิทยาเขตสวรรค์ประชารักษ์
►ส่วนจัดเก็บหนังสือเก่า สปร
บนชั้น
  ขอยืม
2. วิทยาศาสตร์การแพทย์ และสุขภาพ
วิทยาศาสตร์การแพทย์ และสุขภาพ
สถานะ=หนังสือเก่า
WN180 ศ726ก ฉ.2 
  Barcode: 002129
ห้องสมุดวิทยาเขตสวรรค์ประชารักษ์
►ส่วนจัดเก็บหนังสือเก่า สปร
บนชั้น
  ขอยืม
3. วิทยาศาสตร์การแพทย์ และสุขภาพ
วิทยาศาสตร์การแพทย์ และสุขภาพ
สถานะ=หนังสือเก่า
WN180 ศ726ก ฉ.3 
  Barcode: 002130
ห้องสมุดวิทยาเขตสวรรค์ประชารักษ์
►ส่วนจัดเก็บหนังสือเก่า สปร
บนชั้น
  ขอยืม
4. วิทยาศาสตร์การแพทย์ และสุขภาพ
วิทยาศาสตร์การแพทย์ และสุขภาพ
สถานะ=หนังสือเก่า
WN180 ศ726ก ฉ.4 
  Barcode: 002131
ห้องสมุดวิทยาเขตสวรรค์ประชารักษ์
►ส่วนจัดเก็บหนังสือเก่า สปร
บนชั้น
  ขอยืม
5. วิทยาศาสตร์การแพทย์ และสุขภาพ
วิทยาศาสตร์การแพทย์ และสุขภาพ
สถานะ=หนังสือเก่า
WN180 ศ726ก ฉ.5 
  Barcode: 002132
ห้องสมุดวิทยาเขตสวรรค์ประชารักษ์
►ส่วนจัดเก็บหนังสือเก่า สปร
บนชั้น
  ขอยืม

รายการใกล้เคียง
    ผู้แต่ง [ศุภวิทู สุขเพ็ง]

    หัวเรื่อง [รังสีวินิจฉัย]

BibComment


ยังไม่เคยถูกคอมเมนท์

คอมเมนท์ทรัพยากรรายการนี้
  คอมเมนท์: การวัดปริมาณรังส..


 Copyright 2026. Bcnsprnw @Library